<?xml version="1.0" encoding="UTF-8"?>
<record
    xmlns:xsi="http://www.w3.org/2001/XMLSchema-instance"
    xsi:schemaLocation="http://www.loc.gov/MARC21/slim http://www.loc.gov/standards/marcxml/schema/MARC21slim.xsd"
    xmlns="http://www.loc.gov/MARC21/slim">

  <leader>01045nab a2200241 uc4500</leader>
  <controlfield tag="001">727011</controlfield>
  <controlfield tag="005">20240201165447.0</controlfield>
  <controlfield tag="008">020319e19231101                    spa  </controlfield>
  <datafield tag="035" ind1=" " ind2=" ">
    <subfield code="a">727011</subfield>
  </datafield>
  <datafield tag="035" ind1=" " ind2=" ">
    <subfield code="a">(OCoLC)819937596</subfield>
  </datafield>
  <datafield tag="040" ind1=" " ind2=" ">
    <subfield code="c">comduadb</subfield>
  </datafield>
  <datafield tag="041" ind1=" " ind2=" ">
    <subfield code="a">spa</subfield>
  </datafield>
  <datafield tag="100" ind1="1" ind2="0">
    <subfield code="a">Carrasquilla, Rafael Maria</subfield>
    <subfield code="4">aut</subfield>
    <subfield code="e">aut</subfield>
    <subfield code="9">474517</subfield>
  </datafield>
  <datafield tag="245" ind1="1" ind2="0">
    <subfield code="a">Nuestra Senora de Guadalupe y las damas catolicas</subfield>
  </datafield>
  <datafield tag="650" ind1=" " ind2=" ">
    <subfield code="a">Nuestra Se&#xF1;ora de Guadalupe</subfield>
    <subfield code="9">92769</subfield>
  </datafield>
  <datafield tag="650" ind1=" " ind2=" ">
    <subfield code="a">Am&#xE9;rica - Descubrimiento y exploraciones - Espa&#xF1;a</subfield>
    <subfield code="9">48766</subfield>
  </datafield>
  <datafield tag="650" ind1=" " ind2=" ">
    <subfield code="a">Virgen Maria - Apariciones y milagros</subfield>
    <subfield code="9">172294</subfield>
  </datafield>
  <datafield tag="650" ind1=" " ind2=" ">
    <subfield code="a">Virgen Maria - Culto - America Latina</subfield>
    <subfield code="9">38398</subfield>
  </datafield>
  <datafield tag="650" ind1=" " ind2=" ">
    <subfield code="a">Mujeres y religi&#xF3;n</subfield>
    <subfield code="9">3327</subfield>
  </datafield>
  <datafield tag="650" ind1=" " ind2=" ">
    <subfield code="a">Sagrado Corazon de Jesus - Fotografia</subfield>
    <subfield code="9">93905</subfield>
  </datafield>
  <datafield tag="773" ind1="0" ind2=" ">
    <subfield code="t">Antioquia por Mar&#xED;a (Medell&#xED;n)</subfield>
    <subfield code="g">Antioquia por Maria. Vol. 01, Nos. 02,05,07, 1921 - Vol. 02, Nos. 13-16,18-24, 1923, Vol. 02, No. 22, Nov. 13, 1922/Antioquia por Maria. Vol. 01, Nos. 02,05,07, 1921 - Vol. 02, Nos. 13-16,18-24, 1923, p. 215-219</subfield>
    <subfield code="w">722656</subfield>
    <subfield code="0">239340</subfield>
  </datafield>
  <datafield tag="942" ind1=" " ind2=" ">
    <subfield code="c">ARIMP</subfield>
  </datafield>
  <datafield tag="999" ind1=" " ind2=" ">
    <subfield code="c">228306</subfield>
    <subfield code="d">228306</subfield>
  </datafield>
</record>
